| 000 | 00774nam a2200205Ii 4500 | ||
|---|---|---|---|
| 003 | JO-AjNU | ||
| 008 | 230605s9999||||xx |||||||||||||| ||und|| | ||
| 040 |
_aJO-AjNU _bara _erda _cJO-AjNU |
||
| 041 | _aara | ||
| 050 | 1 | 4 | _aD804.3.F5612 2001 |
| 100 | 3 |
_aتاليف فنكلستين، نورمن؛ ترجمة ادريس، سماح، ترجمة حداد، أيمن ح., _eauthor _913794 |
|
| 245 | 0 | 0 | _aصناعة الهولوكوست: تاملات في استغلال المعاناه اليهودية |
| 250 | _aط1 | ||
| 264 | 3 | 1 | _aبيروت: دار الاداب، 2001 |
| 300 | _a152ص | ||
| 336 |
_atext _btxt _2rdacontent |
||
| 337 |
_aunmediated _bn _2rdamedia |
||
| 338 |
_avolume _bnc _2rdacarrier |
||
| 650 | 4 |
_aهولوكوست-اسرائيل-تاريخ _913795 |
|
| 999 |
_aA3526 _c7094 _d7094 |
||